[Event "IND-chB 52nd"]
[Site "Dharamshala"]
[Date "2014.05.13"]
[Round "6"]
[White "Singh, Diwakar Prasad"]
[Black "Roy Chowdhury, Saptarshi"]
[Result "1/2-1/2"]
[WhiteElo "2254"]
[BlackElo "2453"]
[PlyCount "51"]
[EventDate "2014.05.09"]
[EventType "swiss"]
[EventRounds "13"]
[EventCountry "IND"]
[SourceTitle "CBM 160 Extra"]
[Source "ChessBase"]
[SourceDate "2014.07.01"]
[SourceVersion "1"]
[SourceVersionDate "2014.07.01"]
[SourceQuality "1"]

1. d4 Nf6 2. Nd2 d6 3. e4 e5 4. Ngf3 exd4 5. Nxd4 Be7 6. Bd3 0-0 7. 0-0 c5 8. Ne2 Nc6 9. Nf4 Re8 10. Re1 Bf8 11. c3 Bd7 12. f3 Ne5 13. Bf1 Bc6 14. Nc4 b5 15. Ne3 Rb8 16. b3 Ng6 17. Nfd5 Nxd5 18. Nxd5 Ne7 19. Nf4 Ng6 20. Nd5 Be7 21. Nxe7+ Qxe7 22. Be3 a5 23. c4 b4 24. a4 Rbd8 25. Qd2 Ne5 26. Rad1 1/2-1/2

[Event "IND-chB 52nd"]
[Site "Dharamshala"]
[Date "2014.05.12"]
[Round "5"]
[White "Shyam, Sundar M"]
[Black "Singh, Diwakar Prasad"]
[Result "1/2-1/2"]
[WhiteElo "2486"]
[BlackElo "2254"]
[PlyCount "38"]
[EventDate "2014.05.09"]
[EventType "swiss"]
[EventRounds "13"]
[EventCountry "IND"]
[SourceTitle "CBM 160 Extra"]
[Source "ChessBase"]
[SourceDate "2014.07.01"]
[SourceVersion "1"]
[SourceVersionDate "2014.07.01"]
[SourceQuality "1"]

1. e4 b6 2. d4 Bb7 3. Bd3 g6 4. Nf3 Bg7 5. 0-0 d6 6. c4 Nd7 7. Nc3 e5 8. Bg5 f6 9. Be3 Nh6 10. h3 Nf7 11. Qd2 0-0 12. d5 Re8 13. Nh2 Nf8 14. f4 exf4 15. Bxf4 Nd7 16. Nf3 Nde5 17. Nb5 Bc8 18. Nbd4 Bd7 19. Rae1 a6 1/2-1/2

[Event "Jalgaon op"]
[Site "Jalgaon"]
[Date "2010.11.29"]
[Round "9"]
[White "Pujari, Rucha"]
[Black "Singh, Diwakar Prasad"]
[Result "1/2-1/2"]
[WhiteElo "2090"]
[BlackElo "2327"]
[PlyCount "26"]
[EventDate "2010.11.23"]
[EventType "swiss"]
[EventRounds "11"]
[EventCountry "IND"]
[SourceTitle "CBM 139 Extra"]
[Source "ChessBase"]
[SourceDate "2011.01.05"]
[SourceVersion "1"]
[SourceVersionDate "2011.01.05"]
[SourceQuality "1"]

1. d4 b6 2. e4 Bb7 3. Bd3 e6 4. Ne2 c5 5. c3 Nc6 6. 0-0 Nf6 7. Nd2 d6 8. f4 Qd7 9. a3 Be7 10. h3 cxd4 11. cxd4 d5 12. e5 Ne4 13. Kh2 f5 1/2-1/2

[Event "Jalgaon op"]
[Site "Jalgaon"]
[Date "2010.11.27"]
[Round "7"]
[White "Sidhant, Mohapatra"]
[Black "Singh, Diwakar Prasad"]
[Result "1/2-1/2"]
[WhiteElo "2125"]
[BlackElo "2327"]
[PlyCount "129"]
[EventDate "2010.11.23"]
[EventType "swiss"]
[EventRounds "11"]
[EventCountry "IND"]
[SourceTitle "CBM 139 Extra"]
[Source "ChessBase"]
[SourceDate "2011.01.05"]
[SourceVersion "1"]
[SourceVersionDate "2011.01.05"]
[SourceQuality "1"]

1. d4 Nf6 2. Nc3 d5 3. Bg5 Bf5 4. f3 Nbd7 5. Nxd5 Nxd5 6. e4 h6 7. Bh4 N7b6 8. Bf2 e6 9. Qd2 Bh7 10. exd5 Qxd5 11. Bd3 Nc4 12. Bxc4 Qxc4 13. c3 0-0-0 14. Ne2 Bd6 15. 0-0 g5 16. b3 Qd3 17. Qxd3 Bxd3 18. Rfe1 Rhg8 19. Bg3 Be7 20. Rad1 Bc2 21. Rd2 Bf5 22. b4 h5 23. Bf2 g4 24. f4 h4 25. a3 Rd7 26. c4 Rgd8 27. g3 hxg3 28. Nxg3 Bh7 29. Ne4 b6 30. Rde2 Bg6 31. Rd2 Kb7 32. Kg2 c6 33. Kg1 Ra8 34. Rb2 Rh8 35. a4 Rh3 36. a5 Bxe4 37. Rxe4 bxa5 38. bxa5+ Ka6 39. Kg2 Bf6 40. Rb8 Rc3 41. c5 Rc2 42. Kf1 Bd8 43. Re2 Rxe2 44. Kxe2 Bc7 45. Rg8 f5 46. Ke3 Kxa5 47. Re8 Kb5 48. Bg3 Kc4 49. Rxe6 Rxd4 50. Rxc6 Bxf4+ 51. Kf2 Bxg3+ 52. hxg3 Rd5 53. Ra6 Rd2+ 54. Ke3 Rd3+ 55. Kf2 Kxc5 56. Rxa7 Kd4 57. Ra4+ Ke5 58. Ra8 Rf3+ 59. Kg2 Rc3 60. Ra5+ Ke4 61. Ra4+ Ke3 62. Rf4 Rc2+ 63. Kg1 Rc5 64. Kg2 Rd5 65. Kg1 1/2-1/2

[Event "Jalgaon op"]
[Site "Jalgaon"]
[Date "2010.11.24"]
[Round "3"]
[White "Basu, Suman"]
[Black "Singh, Diwakar Prasad"]
[Result "0-1"]
[WhiteElo "2075"]
[BlackElo "2327"]
[PlyCount "42"]
[EventDate "2010.11.23"]
[EventType "swiss"]
[EventRounds "11"]
[EventCountry "IND"]
[SourceTitle "CBM 139 Extra"]
[Source "ChessBase"]
[SourceDate "2011.01.05"]
[SourceVersion "1"]
[SourceVersionDate "2011.01.05"]
[SourceQuality "1"]

1. e4 b6 2. Nc3 Bb7 3. d4 e6 4. a3 g6 5. Be3 Bg7 6. Qd2 d6 7. f3 Nd7 8. Nge2 a6 9. a4 Ngf6 10. Bh6 Nxe4 11. fxe4 Qh4+ 12. g3 Qxh6 13. Qxh6 Bxh6 14. Bg2 c5 15. Rd1 cxd4 16. Rxd4 Ke7 17. Kf2 Bg7 18. Rdd1 Rac8 19. h3 Ne5 20. b3 Rc5 21. g4 Rhc8 0-1

[Event "Bhubaneswar op 2nd"]
[Site "Bhubaneswar"]
[Date "2010.05.26"]
[Round "7"]
[White "Satyapragyan, Swayangsu"]
[Black "Singh, Diwakar Prasad"]
[Result "1/2-1/2"]
[WhiteElo "2463"]
[BlackElo "2286"]
[PlyCount "64"]
[EventDate "2010.05.22"]
[EventType "swiss"]
[EventRounds "11"]
[EventCountry "IND"]
[SourceTitle "CBM 136 Extra"]
[Source "ChessBase"]
[SourceDate "2010.07.02"]
[SourceVersion "2"]
[SourceVersionDate "2010.07.15"]
[SourceQuality "1"]

1. e4 b6 2. d4 Bb7 3. Nc3 e6 4. Bd3 g6 5. Nf3 Bg7 6. Bg5 Ne7 7. Qd2 h6 8. Be3 d6 9. Ng1 a6 10. Nge2 b5 11. a4 b4 12. Nd1 a5 13. c3 Na6 14. f3 Rb8 15. Nf2 Qc8 16. 0-0 d5 17. Rac1 Qd7 18. Bf4 Rc8 19. Ng4 bxc3 20. bxc3 g5 21. Be5 Bxe5 22. Nxe5 Qd6 23. Rb1 Rb8 24. exd5 exd5 25. Ng3 Bc8 26. f4 Rxb1 27. Bxb1 f6 28. Bg6+ Nxg6 29. Nxg6 Rg8 30. Re1+ Kd8 31. f5 Bd7 32. Qd1 c5 1/2-1/2

[Event "IND-ch 44th"]
[Site "Atul"]
[Date "2006.12.24"]
[Round "8"]
[White "Singh, Diwakar Prasad"]
[Black "Barua, Dibyendu"]
[Result "1/2-1/2"]
[WhiteElo "2507"]
[BlackElo "2471"]
[PlyCount "66"]
[EventDate "2006.12.18"]
[EventType "swiss"]
[EventRounds "13"]
[EventCountry "IND"]
[SourceTitle "CBM 115 Extra"]
[Source "ChessBase"]
[SourceDate "2007.01.10"]
[SourceVersion "1"]
[SourceVersionDate "2007.01.10"]
[SourceQuality "1"]

1. d4 d5 2. c4 e6 3. Nc3 Nf6 4. cxd5 exd5 5. Bg5 c6 6. e3 Be7 7. Bd3 Nbd7 8. Qc2 Nf8 9. Nf3 Ng6 10. 0-0 Nh5 11. Bxe7 Qxe7 12. Bf5 0-0 13. Rab1 Nf6 14. b4 a6 15. a4 Bxf5 16. Qxf5 Ne8 17. b5 Nd6 18. Qh5 axb5 19. axb5 Ra7 20. Rfc1 Nc4 21. bxc6 bxc6 22. Kh1 h6 23. Qf5 Rfa8 24. h3 Qd8 25. Qc2 Qd7 26. Rb3 Ra1 27. Rxa1 Rxa1+ 28. Kh2 Ra3 29. Rb8+ Kh7 30. g3 Qc7 31. Rb3 Qe7 32. Rxa3 Qxa3 33. Kg2 Kg8 1/2-1/2

[Event "IND-ch 44th"]
[Site "Atul"]
[Date "2006.12.22"]
[Round "6"]
[White "Singh, Diwakar Prasad"]
[Black "Sengupta, Deep"]
[Result "1-0"]
[WhiteElo "2507"]
[BlackElo "2420"]
[PlyCount "77"]
[EventDate "2006.12.18"]
[EventType "swiss"]
[EventRounds "13"]
[EventCountry "IND"]
[SourceTitle "CBM 115 Extra"]
[Source "ChessBase"]
[SourceDate "2007.01.10"]
[SourceVersion "1"]
[SourceVersionDate "2007.01.10"]
[SourceQuality "1"]

1. d4 d5 2. Nf3 e6 3. b3 c6 4. Bb2 f5 5. g3 Nf6 6. Bg2 Bd6 7. 0-0 0-0 8. c4 Nbd7 9. Nbd2 b6 10. Ne5 Bb7 11. Ndf3 Rc8 12. e3 Qe7 13. Re1 Rfd8 14. Rc1 Ne4 15. Nd3 c5 16. Nfe5 cxd4 17. Nxd7 dxc4 18. f3 Nc3 19. Bxc3 dxc3 20. bxc4 Rxd7 21. Qe2 Rdc7 22. Rxc3 Rxc4 23. Rxc4 Rxc4 24. e4 fxe4 25. Nf2 b5 26. Nxe4 Bb4 27. Rd1 e5 28. a4 a6 29. axb5 axb5 30. Qa2 g6 31. Bf1 Bxe4 32. fxe4 Kg7 33. Bxc4 Qc5+ 34. Kg2 bxc4 35. Rd7+ Kh6 36. Qe2 g5 37. Qg4 Qf8 38. Qh3+ Kg6 39. Qxh7+ 1-0

[Event "IND-ch 44th"]
[Site "Atul"]
[Date "2006.12.21"]
[Round "5"]
[White "Swapnil, S Dhopade"]
[Black "Singh, Diwakar Prasad"]
[Result "0-1"]
[WhiteElo "2209"]
[BlackElo "2507"]
[PlyCount "88"]
[EventDate "2006.12.18"]
[EventType "swiss"]
[EventRounds "13"]
[EventCountry "IND"]
[SourceTitle "CBM 115 Extra"]
[Source "ChessBase"]
[SourceDate "2007.01.10"]
[SourceVersion "1"]
[SourceVersionDate "2007.01.10"]
[SourceQuality "1"]

1. d4 b6 2. e4 Bb7 3. Bd3 e6 4. c4 Bb4+ 5. Nc3 Ne7 6. Nge2 0-0 7. 0-0 f5 8. f3 Nbc6 9. Be3 e5 10. d5 Nb8 11. exf5 Nxf5 12. Bxf5 Rxf5 13. Ne4 Na6 14. a3 Be7 15. b4 d6 16. f4 Qd7 17. g4 Rf7 18. f5 b5 19. N2c3 bxc4 20. b5 Nc5 21. Nxc5 dxc5 22. Qe2 h5 23. h3 e4 24. Qxc4 Bf6 25. Rad1 hxg4 26. hxg4 Re8 27. Nxe4 Bd4 28. Bxd4 Rxe4 29. Qxc5 Rxg4+ 30. Kf2 Qxf5+ 31. Ke2 Qe4+ 32. Be3 Rg2+ 33. Ke1 Rxf1+ 34. Kxf1 Qf3+ 35. Bf2 Rxf2+ 36. Qxf2 Qxd1+ 37. Kg2 Qxd5+ 38. Kg3 Qd6+ 39. Kh3 Qxa3+ 40. Kh2 Qd6+ 41. Kh3 Qe6+ 42. Kh2 Qe5+ 43. Kg1 Qxb5 44. Qd2 Qd5 0-1